• 首页
  • 本馆介绍
  • 公告通知
  • 最新文献
  • 馆藏检索
  • 电子资源
  • 读者导购
  • 参考咨询
  • 我的图书馆
  • 登录
  • 详细信息显示
  • 放入我的书架
  • 预约/预借图书
  • 作者相关作品
  • 分类相关作品
  • 丛书相关作品
  • 出版社相关作品

书目信息

  • 表格格式
  • 工作单格式
  • 卡片格式
题名:
北京非物质文化遗产图典
    
 
作者: ;北京非物质文化遗产保护中心 , 北京汉声文化创意有限公司 编著
分册:  
出版信息: 北京   北京美术摄影出版社  2018
页数: 14,589页
开本: 31cm
丛书名:
单 册:
中图分类: G127.1
科图分类:
主题词: 非物质文化遗产--fei wu zhi wen hua yi chan--北京--图集
电子资源:
ISBN: 978-7-5592-0202-4
000 01199nam0 2200277 45
001 012001005252
005 20131111154222.0
010    @a978-7-5592-0202-4@dCNY198.00
099    @aCAL 012019048584
100    @a20190417d2018 em y0chiy50 ea
101 0  @achi
102    @aCN@b110000
105    @aak z 001yy
106    @ar
200 1  @a北京非物质文化遗产图典@Abei jing fei wu zhi wen hua yi chan tu dian@f北京非物质文化遗产保护中心,北京汉声文化创意有限公司编著
210    @a北京@c北京美术摄影出版社@d2018
215    @a14,589页@c彩图, 彩照@d31cm
320    @a有索引
330    @a本书以图文相结合的形式,对北京市近300项非物质文化遗产项目记性了总结与展示,分属于民间文学、传统音乐、传统舞蹈、曲艺、传统戏剧、传统体育、游艺与杂技、传统美术、传统技艺、传统医药、民俗十大类别,涵盖北京生活的各方面。
333    @a文化研究者
606 0  @a非物质文化遗产@Afei wu zhi wen hua yi chan@y北京@j图集
690    @aG127.1@v5
711 02 @a北京非物质文化遗产保护中心@ABei Jing Fei Wu Zhi Wen Hua Yi Chan Bao Hu Zhong Xin@4编著
711 02 @a北京汉声文化创意有限公司@ABei Jing Han Sheng Wen Hua Chuang Yi You Xian Gong Si@4编著
801    @b江苏凤凰@c20191020
905    @b1213113-4@dG127.1@e308@f2
    
    北京非物质文化遗产图典/北京非物质文化遗产保护中心,北京汉声文化创意有限公司编著.-北京:北京美术摄影出版社,2018
    14,589页:彩图, 彩照;31cm
    使用对象:文化研究者
    
    ISBN 978-7-5592-0202-4:CNY198.00
    本书以图文相结合的形式,对北京市近300项非物质文化遗产项目记性了总结与展示,分属于民间文学、传统音乐、传统舞蹈、曲艺、传统戏剧、传统体育、游艺与杂技、传统美术、传统技艺、传统医药、民俗十大类别,涵盖北京生活的各方面。
●
相关链接 在E读中查询图书 在五车中查询图书 在当当中查询图书 在豆瓣中查询图书


正题名:北京非物质文化遗产图典     索取号:G127.1/308         预约/预借

序号 登录号 条形码 馆藏地/架位号 状态 备注
1 1213113   212131138   第一样本阅览室/ [索取号:G127.1/308] 在馆    
2 1213114   212131147   第四借阅区/ [索取号:G127.1/308] 在馆    
唐山师范学院图书馆 欢迎您!
大连网信软件有限公司© 版权所有